000 00265nam a22001217a 4500
008 171023b xxu||||| |||| 00| 0 eng d
041 _aeng
080 _a338
100 _a54
101 _aMO
245 _aBUSINESS STATISTICS 2/ed
_cKAZMIER, L.J
942 _2udc
_cBK
999 _c35551
_d35551